| 000 | 00743nam a22002057a 4500 | ||
|---|---|---|---|
| 999 |
_c13064 _d13064 |
||
| 003 | AR-CdUCM | ||
| 008 | 190411b ||||| |||| 00| 0 spa d | ||
| 040 |
_aMUNICIPALIDAD PROVINCIAL DEL CUSCO _cBIBLIOTECA MUNICIPAL DEL CUSCO |
||
| 082 |
_aC / 373 / _bP713 |
||
| 110 |
_aColegio Nacional de Ciencias _931257 |
||
| 245 | _aPlanteamiento pedagógico de 1970 / | ||
| 260 |
_aCusco : _bMercantil, _c1970. |
||
| 300 |
_a128 páginas ; _c21 cm. |
||
| 505 | _aInformación doctrinaria -- Objetivos del plan educativo -- Recursos financieros -- Organismos de colaboración... | ||
| 650 |
_aPlanteamiento pedagógico. _931258 |
||
| 650 |
_aEducación. _9460 |
||
| 650 |
_aPlan educativo. _931259 |
||
| 942 |
_2ddc _cLIBROS |
||
| 945 |
_awfj _d2019-04-11 |
||